Maat, joissa on Metro - Statistics

Yleistilastot
  • Tätä visaa on pelattu 289 kertaa
  • Keskiarvotulos 47 / 63
Vastaustilastot
Metromaa % Oikein
Ruotsi
99%
Suomi
99%
Yhdysvallat
98%
Venäjä
97%
Japani
96%
Kiina
96%
Kanada
95%
Norja
95%
Ranska
95%
Australia
94%
Brasilia
94%
Saksa
94%
Argentiina
91%
Espanja
91%
Italia
91%
Intia
90%
Meksiko
89%
Sveitsi
89%
Yhdistynyt kuningaskunta
89%
Alankomaat
88%
Belgia
87%
Etelä-Korea
87%
Puola
87%
Ukraina
87%
Egypti
86%
Itävalta
85%
Portugali
85%
Tanska
85%
Tšekki
85%
Kreikka
84%
Turkki
82%
Chile
81%
Thaimaa
79%
Unkari
78%
Indonesia
77%
Iran
76%
Romania
75%
Valkovenäjä
75%
Bulgaria
72%
Kolumbia
72%
Pohjois-Korea
72%
Saudi Arabia
72%
Pakistan
69%
Peru
69%
Vietnam
64%
Algeria
61%
Malesia
61%
Venezuela
61%
Yhdistyneet arabiemiirikunnat
61%
Singapore
60%
Kazakstan
59%
Armenia
56%
Taiwan
53%
Azerbaidžan
51%
Bangladesh
49%
Nigeria
49%
Ecuador
48%
Qatar
45%
Panama
43%
Georgia
40%
Uzbekistan
40%
Dominikaaninen tasavalta
26%
Filippinit
15%
Ehtoja vastaavia visoja ei löytynyt
Tulosjakauma
Jokaisen tuloksen saaneiden osuus
Persentiili vastausten määrän mukaan
Tuloshistoriasi
Et ole pelannut tätä visaa